000 00382nam a22001577a 4500
003 OSt
008 240416b |||||||| |||| 00| 0 eng d
020 _a9788126521791
100 _aGODBOLE, Nina
245 _aCyber Security Understanding Cyber Crimes
250 _a1st Ed
260 _aNew Delhi
_bJOHN WILEY
300 _a636
700 _aBELAPURE, Sunita
942 _2ddc
_cBK
999 _c12511
_d12511